000 00735nam a2200289Ia 4500
005 20260324141925.0
008 008 260324s9999 xx 000 0 eng d
020 _a9781315786919
037 _aEBOOK
040 _aCRL
040 _beng
040 _cCRL
041 _2eng
041 _aeng
084 _qCRL
100 _aMary Jo Maynes; Birgitte Soland; Ulrike Strasser; Ann Waltner
_91210025
245 0 _aGender, Kinship and Power
245 2 _bA Comparative and Interdisciplinary History
260 _bTaylor and Francis
260 _c1996
365 _a
365 _b110
856 _uhttp://www.taylorfrancis.com/books/9781315786919
942 _cEBOOK
999 _c1813638
_d1813638